Tabla de contenidos: número 6, 1989
Enregistré dans:
| Format: | Livre |
|---|---|
| Langue: | Spanish |
| Tags: |
Ajouter un tag
Pas de tags, Soyez le premier à ajouter un tag!
|
MARC
| LEADER | 00000nam a22000007a 4500 | ||
|---|---|---|---|
| 003 | cru IIS | ||
| 005 | 20220217114011.0 | ||
| 008 | 220217b |||||||| |||| 00| 0 spa d | ||
| 040 | |c cru IIS | ||
| 245 | |a Tabla de contenidos: |b número 6, 1989 | ||
| 505 | |a Contenido: 1.Bush y Centroamérica: ¿un nuevo aliento? / Marianela Aguilar. -- 2.La Deuda y las relaciones interamericanas / Henry A. Kissinger . -- 3.Nicaragua 1989: una política exterior para la sobrevivencia / Carlos Sojo Obando. -- 4.Memorandum: Cumbre en la Paz / Equipo de Investigación de las relaciones internacionales Centroamérica-Estados Unido. -- 5.Transición en Washington | ||
| 773 | 0 | |0 42985 |9 4462 |a Facultad Latinoamericana de Ciencias Sociales |d San José, Costa Rica: FLACSO |o MFN: 0147 |t Centroamerica USA/ | |
| 942 | |2 ddc |c PP | ||
| 999 | |c 44102 |d 44102 | ||
